000 00488nam a2200181Ia 4500
005 20250508152903.0
008 008 250505s9999 xx 000 0 eng d
037 _aTextual
040 _aFEDL
_beng
_cFEDL
041 _aeng
_2eng
084 _a915, TOY
_qFEDL
100 _aToynbee Arnold J
245 0 _aBetween oxus and jumna
260 _aLondon, UK
_bOxford University Press
_c1961
300 _axii,202p.
942 _cTEXL
_h915, TOY
999 _c1339414
_d1339414